Rozpoznaj aktorkę po rolach - Statystyki

Ogólne statystyki
  • Ten quiz został rozwiązany 18 razy
  • Średni wynik to 17 z 63
Statystyki odpowiedzi
Postaci, która zagrała Aktorka % Poprawnych
Wednesday Addams, Vada Cavell, Tara Carpenter Jenna Ortega
80%
Cruella, Abigail, Gwen Stacy Emma Stone
73%
Bellatrix Lestrange, Królowa Elżbieta, Księżniczka Małgorzata Helena Bonham Carter
73%
Katniss Everdeen, Kate Dibiasky, Mystique Jennifer Lawrence
73%
Violet Crawley, Minerwa McGonagall, Panna Shepherd Maggie Smith
73%
Maria Jolanta Wilczur, Barbara Radziwiłłówna, Lena Tremer Anna Dymna
53%
Bella, Sam, Meg March Emma Watson
53%
Tonya Harding, Naomi Lapaglia, Królowa Elżbieta I Margot Robbie
53%
Michalina Wisłocka, Kamila Sakowicz "Różyczka", Maria Piłsudska Magdalena Boczarska
47%
Miranda Priestly, Margaret Thatcher, Zofia Zawistowska Meryl Streep
47%
Matylda, Jackie Kennedy, Alice Natalie Portman
47%
Virginia Woolf, Celeste Wright, Satine Nicole Kidman
47%
Aileen Wuornos, Cesarzowa Furiosa, Zła Królowa Charlize Theron
40%
Kleopatra, Martha, Maggie Pollitt Elizabeth Taylor
40%
Alicia Nash, Marion Silver, Młoda Deborah Jennifer Connelly
40%
Elżbieta I, Jasmine, Galadriela Cate Blanchett
33%
Dana Scully, Margaret Thatcher, Jean Milburn Gillian Anderson
33%
Hanna Schmitz, Rose DeWitt Bukater, Clementine Kruczynski Kate Winslet
33%
Madeline Martha Mackenzie, June Carter, Elle Woods Reese Witherspoon
33%
Scarlett O'Hara, Blanche DuBois, Anna Karenina Vivien Leigh
33%
Annie Hall, Kay Adams-Corleone, Siostra Mary Diane Keaton
27%
Vesper Lynd, Artemizja, Vanessa Ives Eva Green
27%
Murph, Antonina Żabińska, Celia Foote Jessica Chastain
27%
Rosie Dunne, Śnieżka, Emily Cooper Lily Collins
27%
Matka Joanna, Marta, Magda Lucyna Winnicka
27%
Sugar Kane Kowalczyk, Lorelei Lee, Roslyn Taber Marilyn Monroe
27%
Edith Piaf, Lady Makbet, Mal Marion Cotillard
27%
Judy Garland, BJ, Roxie Hart Renée Zellweger
27%
Nicole Barber, Cristina, Maria Boleyn Scarlett Johansson
27%
Ellen Ripley, Dian Fossey, Dr Grace Augustine Sigourney Weaver
27%
Rue Bennett, Marie, MJ Zendaya
27%
Róża Kwiatkowska, Wanda Gruz, Beata Santorska Agata Kulesza
20%
Andrea 'Andy' Sachs, Fantine, Mia Thermopolis Anne Hathaway
20%
Holly Golightly / Lula Mae Barnes, Księżniczka Anna, Sabrina Fairchild Audrey Hepburn
20%
Carol Ledoux, Séverine Serizy / Piękność dnia, Miriam Blaylock Catherine Deneuve
20%
Bonnie Parker, Diana Christensen, Evelyn Cross Mulwray Faye Dunaway
20%
Nell, Clarice Starling, Eleanor Arroway Jodie Foster
20%
Vivian Ward, Barbara Weston, Anna Scott Julia Roberts
20%
Agnieszka, Antonina "Tonia" Dziwisz, Rita Krystyna Janda
20%
Lola Lola, Christine Vole, Pani Bertholt Marlene Dietrich
20%
Rosemary Woodhouse, Hannah, Dr Eudora Nesbitt Fletcher Mia Farrow
20%
Catherine Tramell, Ginger McKenna, Lori Sharon Stone
20%
Cassandra, Sissy Sullivan, Daisy Buchanan Carey Mulligan
13%
Mildred, Marge Gunderson, Olive Kitteridge Frances McDormand
13%
Alice Howland, Laura Brown, Prezydent Alma Coin Julianne Moore
13%
Annie Wilkes, Pani Delphine LaLaurie, Evelyn Couch Kathy Bates
13%
Cersei Lannister, Królowa Gorgo, Madeline Madrigal "Ma-Ma" Lena Headey
13%
María Elena, Raimunda, Donatella Versace Penélope Cruz
13%
Marie Curie, Amy Dunne, Marla Grayson Rosamund Pike
13%
Leigh Anne Tuohy, Debbie Ocean, Ryan Stone Sandra Bullock
13%
Louise Sawyer, Siostra Helen Prejean, Bette Davis Susan Sarandon
13%
Księżniczka Małgorzata, Martha, Hattie Shaw Vanessa Kirby
13%
Beth Harmon, Illyana Rasputin, Emma Woodhouse Anya Taylor-Joy
7%
Jane Hudson, Margo Channing, Judith Traherne Bette Davis
7%
Barbara Covett, M, Księżna Dragomiroff Judi Dench
7%
Celine, Dominique Vidal, Elżbieta Batory Julie Delpy
7%
Phoebe Buffay, Jeanetta Grace Susan, Linda Lisa Kudrow
7%
Hazel, Jane Chapman, Beatrice "Tris" Prior Shailene Woodley
7%
Oda Mae Brown, Celie Johnson, Deloris Van Cartier / Siostra Mary Clarence Whoopi Goldberg
7%
Paloma, Joi, Marta Cabrera Ana de Armas
0%
Królowa Elżbieta II, Janet Armstrong, Adora Belle Dearheart Claire Foy
0%
Cesarzowa Phoenix, Song Lian, Hatsumomo Li Gong
0%
Betty / Diane Selwyn, Ann Darrow, Cristina Peck Naomi Watts
0%
Nie znaleziono quizów pasujących do podanych kryteriów
Rozkład punktacji
Procent ludzi z każdym wynikiem
Percentyl według liczby udzielonych odpowiedzi
Twoja historia wyników
Nie rozwiązałeś tego quizu